[Event "XVII MetLife Najdorf Open 2017"]
[Site "Warsaw"]
[Date "2017.07.17"]
[Round "9"]
[White "Zujev, Oleg"]
[Black "Szostko, Jakub"]
[Result "1-0"]
[WhiteElo "2366"]
[BlackElo "2208"]
[Annotator "NA"]
[PlyCount "125"]
[EventDate "2017.??.??"]
[EventType "swiss"]
[EventCountry "POL"]
[SourceTitle "playchess.com"]
[Source "ChessBase"]
[SourceQuality "1"]
[TimeControl "40/5400+30:1800+30"]

1. d4 {[%emt 0:00:00]} Nf6 {[%emt 0:00:06]} 2. c4 {[%emt 0:00:00]} g6 {[%emt 0:00:09]} 3. Nc3 {[%emt 0:00:00]} Bg7 {[%emt 0:00:05]} 4. e4 {[%emt 0:00:00]} d6 {[%emt 0:00:10]} 5. f3 {[%emt 0:00:00]} O-O {[%emt 0:00:13]} 6. Be3 {[%emt 0:00:00]} c5 {[%emt 0:00:18]} 7. d5 {[%emt 0:00:00]} e6 {[%emt 0:00:30]} 8. Nge2 {[%emt 0:00:00]} exd5 {[%emt 0:00:40]} 9. cxd5 {[%emt 0:00:04]} a6 {[%emt 0:00:54]} 10. a4 {[%emt 0:00:04]} Nbd7 {[%emt 0:00:35]} 11. Ng3 {[%emt 0:00:08]} h5 {[%emt 0:00:30]} 12. Be2 {[%emt 0:00:29]} Ne5 {[%emt 0:00:50]} 13. O-O {[%emt 0:00:17]} Bd7 {[%emt 0:00:22]} 14. Qd2 {[%emt 0:15:13]} b5 {[%emt 0:05:15]} 15. axb5 {[%emt 0:05:38] A65: Modern Benoni: 6 e4} (15. h3 Rb8 16. Bg5 Re8 17. f4 Nc4 18. Bxc4 bxc4 19. e5 dxe5 20. f5 e4 21. Qf4 Bxf5 22. Nxf5 gxf5 23. Qxf5 {1-0 (31) Vocaturo,D (2583)-Morovic Fernandez,I (2554) Baku 2016}) 15... axb5 {[%emt 0:01:20]} 16. Nxb5 {[%emt 0:00:58]} Bxb5 {[%emt 0:01:55]} 17. Bxb5 {[%emt 0:00:28]} Qb6 {[%emt 0:00:48]} 18. Be2 {[%emt 0:01:18]} Rfb8 $146 {[%emt 0:03:24]} ({Predecessor:} 18... Rxa1 19. Rxa1 Rb8 20. Nf1 {½-½ (20) Schmidt,T (2344)-Morozov,D (2376) ICCF email 2014}) 19. Rxa8 {[%emt 0:02:48]} Rxa8 {[%emt 0:00:13]} 20. b4 {[%emt 0:01:32]} Qxb4 {[%emt 0:01:37]} 21. Qxb4 {[%emt 0:00:08]} cxb4 {[%emt 0:00:09]} 22. Rb1 {[%emt 0:00:10]} Rb8 {[%emt 0:05:20]} 23. Rb3 {[%emt 0:01:53]} Nfd7 {[%emt 0:15:20]} 24. Bd2 {[%emt 0:01:17]} Ra8 {[%emt 0:06:02]} 25. Rxb4 {[%emt 0:04:23]} Ra2 {[%emt 0:00:38]} 26. Nf1 $1 {[%emt 0:01:59]} Bf6 {[%emt 0:10:22]} 27. f4 {[%emt 0:04:45]} Ng4 {[%emt 0:01:40]} 28. Bxg4 {[%emt 0:03:24]} hxg4 {[%emt 0:00:28]} 29. Be3 {[%emt 0:01:32]} Kf8 {[%emt 0:06:50]} 30. Bd4 {[%emt 0:20:39]} Re2 {[%emt 0:04:37]} 31. Ng3 {[%emt 0:00:45]} Rd2 $11 {[%emt 0:00:58]} 32. Be3 {[%emt 0:01:20]} Rd1+ {[%emt 0:00:39]} 33. Kf2 {[%emt 0:03:03]} Bh4 {[%emt 0:02:22]} 34. Ke2 {[%emt 0:00:45]} Ra1 {[%emt 0:04:38]} 35. Bd4 {[%emt 0:19:56]} Ra2+ {[%emt 0:01:33]} 36. Kf1 {[%emt 0:03:01]} Bxg3 {[%emt 0:10:14]} 37. hxg3 {[%emt 0:00:05]} f6 {[%emt 0:00:19]} 38. Bb2 {[%emt 0:02:14]} Ra7 {[%emt 0:03:44]} 39. Ke2 {[%emt 0:01:39]} Ke7 {[%emt 0:00:23]} 40. Ke3 {[%emt 0:00:00]} Rc7 {[%emt 0:00:59]} 41. Kd3 {[%emt 0:09:44]} Nc5+ {[%emt 0:01:18]} 42. Kd4 {[%emt 0:02:37]} Nd7 {[%emt 0:00:30]} 43. Ba3 {[%emt 0:05:36]} Rc2 {[%emt 0:02:17]} 44. Rb2 {[%emt 0:00:27]} Rc1 {[%emt 0:03:48]} 45. Re2 {[%emt 0:02:28]} Rd1+ {[%emt 0:03:51]} 46. Kc4 {[%emt 0:00:55]} Ra1 {[%emt 0:05:55]} 47. Re3 {[%emt 0:00:51]} Nb6+ {[%emt 0:01:08]} 48. Kb5 {[%emt 0:02:26]} Rb1+ {[%emt 0:00:13]} 49. Bb4 {[%emt 0:00:42]} Kd7 {[%emt 0:00:51]} 50. Ra3 {[%emt 0:05:16]} Nc8 {[%emt 0:00:14]} 51. Ra6 {[%emt 0:00:17]} Rb2 {[%emt 0:07:50]} 52. e5 {[%emt 0:00:28]} fxe5 {[%emt 0:00:08]} 53. fxe5 {[%emt 0:00:04]} dxe5 {[%emt 0:00:05]} 54. Rxg6 {[%emt 0:00:15]} Rxg2 {[%emt 0:00:40]} 55. Rg7+ {[%emt 0:00:13]} Ke8 {[%emt 0:00:13]} 56. Kc6 {[%emt 0:01:31]} Rxg3 {[%emt 0:00:52]} 57. Rg8+ {[%emt 0:00:17]} Kf7 {[%emt 0:00:05]} 58. Rf8+ {[%emt 0:02:46]} Kg6 {[%emt 0:00:25]} 59. Rxc8 {[%emt 0:00:09]} Rb3 {[%emt 0:00:04]} 60. Bc5 {[%emt 0:00:17]} g3 {[%emt 0:00:11]} 61. d6 {[%emt 0:00:28]} g2 {[%emt 0:00:56]} 62. Rg8+ {[%emt 0:00:09]} Kf7 {[%emt 0:00:06]} 63. Rxg2 {[%emt 0:00:06]} 1-0

[Event "XVII MetLife Najdorf Open 2017"]
[Site "Warsaw"]
[Date "2017.07.17"]
[Round "9"]
[White "Bartel, Michal"]
[Black "Karwowski, Kacper"]
[Result "1/2-1/2"]
[WhiteElo "2343"]
[BlackElo "2221"]
[Annotator "NA"]
[PlyCount "78"]
[EventDate "2017.??.??"]
[EventType "swiss"]
[EventCountry "POL"]
[SourceTitle "playchess.com"]
[Source "ChessBase"]
[SourceQuality "1"]
[TimeControl "40/5400+30:1800+30"]

1. e4 {[%emt 0:00:00]} c5 {[%emt 0:00:21]} 2. Nf3 {[%emt 0:00:00]} d6 {[%emt 0:00:10]} 3. Bb5+ {[%emt 0:00:00]} Nc6 {[%emt 0:00:12]} 4. O-O {[%emt 0:00:02]} Bd7 {[%emt 0:00:26]} 5. Re1 {[%emt 0:03:11]} Nf6 {[%emt 0:00:36]} 6. c3 {[%emt 0:00:39]} a6 {[%emt 0:00:11] B51: Sicilian: Moscow Variation (3 Bb5+) without 3...Bd7} 7. Bc4 {[%emt 0:01:30]} (7. Bf1 Bg4 8. h3 Bxf3 9. Qxf3 g6 10. d3 Bg7 11. Be3 O-O 12. Nd2 Nd7 13. Qd1 b5 14. a3 e6 15. Nf3 Nce5 16. d4 Nxf3+ 17. Qxf3 Qc7 18. Qd1 Nb6 19. dxc5 dxc5 20. Qc2 c4 21. Rad1 Rfd8 22. Bg5 Rxd1 23. Rxd1 h6 24. Be3 {½-½ (24) Wang,H (2683)-Bu,X (2711) Ho Chi Minh City 2017}) 7... b5 {[%emt 0:11:24]} 8. Bf1 {[%emt 0:00:16]} Bg4 {[%emt 0:02:01]} 9. d4 {[%emt 0:00:32]} Bxf3 {[%emt 0:00:32]} 10. gxf3 {[%emt 0:00:06]} c4 $146 {[%emt 0:20:58]} ({Predecessor:} 10... e5 11. d5 Na5 12. b4 Nb7 13. a4 c4 14. f4 {1-0 (43) Indjic,A (2419)-Abramovic,B (2385) Belgrade 2014}) 11. b3 {[%emt 0:04:55]} d5 {[%emt 0:06:03]} 12. a4 {[%emt 0:02:02]} Na5 {[%emt 0:03:54]} 13. axb5 {[%emt 0:07:21]} axb5 {[%emt 0:03:46]} 14. bxc4 {[%emt 0:07:32]} dxc4 {[%emt 0:02:20]} 15. d5 {[%emt 0:05:01]} e6 {[%emt 0:15:19]} (15... Nd7 $16 {might work better.}) 16. Bh3 {[%emt 0:08:23]} Bc5 {[%emt 0:03:15]} 17. dxe6 {[%emt 0:00:39]} fxe6 {[%emt 0:00:08]} 18. Qxd8+ {[%emt 0:01:11]} Kxd8 {[%emt 0:00:06]} 19. Bxe6 {[%emt 0:00:05]} Ke7 {[%emt 0:00:15]} 20. Bh3 {[%emt 0:00:10]} h6 {[%emt 0:07:23]} 21. Nd2 {[%emt 0:01:31]} Nh5 {[%emt 0:04:43]} 22. e5 {[%emt 0:03:13]} Nf4 {[%emt 0:01:42]} 23. Bf1 {[%emt 0:00:06]} g5 {[%emt 0:00:38]} 24. Ne4 {[%emt 0:00:54]} Nb3 {[%emt 0:02:16]} 25. Rxa8 {[%emt 0:00:16]} Rxa8 {[%emt 0:00:04]} 26. Nxc5 {[%emt 0:01:38]} Nxc5 {[%emt 0:00:05]} 27. Be3 {[%emt 0:00:04]} Nb3 $11 {[%emt 0:06:12]} 28. h4 {[%emt 0:02:44]} Ra1 {[%emt 0:01:28]} 29. Rxa1 {[%emt 0:00:34]} Nxa1 {[%emt 0:00:05]} 30. Kh2 {[%emt 0:00:06]} Ke6 {[%emt 0:01:52]} 31. Kg3 {[%emt 0:00:14]} Kf5 {[%emt 0:02:54]} 32. e6 {[%emt 0:02:52]} gxh4+ {[%emt 0:04:28]} 33. Kxh4 {[%emt 0:00:12]} Nxe6 {[%emt 0:00:02]} 34. Bxh6 {[%emt 0:00:18]} Nc2 {[%emt 0:00:53]} 35. Bh3+ {[%emt 0:00:15]} Kf6 {[%emt 0:00:13]} 36. f4 {[%emt 0:00:24]} b4 {[%emt 0:00:47]} 37. cxb4 {[%emt 0:00:07]} Nxb4 {[%emt 0:00:22]} 38. f5 {[%emt 0:00:45]} Nd4 {[%emt 0:00:50]} 39. Bg5+ {[%emt 0:00:18]} Kf7 {[%emt 0:00:26]} 1/2-1/2

[Event "XVII MetLife Najdorf Open 2017"]
[Site "Warsaw"]
[Date "2017.07.17"]
[Round "9"]
[White "Pacan-Milej, Kosma"]
[Black "AlHuwar, Jasem"]
[Result "1-0"]
[WhiteElo "2332"]
[BlackElo "2275"]
[Annotator "NA"]
[PlyCount "93"]
[EventDate "2017.??.??"]
[EventType "swiss"]
[EventCountry "POL"]
[SourceTitle "playchess.com"]
[Source "ChessBase"]
[SourceQuality "1"]
[TimeControl "40/5400+30:1800+30"]

1. d4 {[%emt 0:00:00]} g6 {[%emt 0:04:46]} 2. e4 {[%emt 0:00:00]} Bg7 {[%emt 0:00:06]} 3. Nc3 {[%emt 0:00:00]} d6 {[%emt 0:00:03]} 4. f4 {[%emt 0:00:00]} Nf6 {[%emt 0:00:08]} 5. Nf3 {[%emt 0:00:00]} O-O {[%emt 0:00:07]} 6. e5 {[%emt 0:00:00]} Nfd7 {[%emt 0:00:12]} 7. Bc4 {[%emt 0:00:32]} Nb6 {[%emt 0:01:24]} 8. Bb3 {[%emt 0:00:12]} c5 {[%emt 0:00:40] B09: Pirc Defence: Austrian Attack} (8... Nc6 9. a4 a5 10. Be3 Nb4 11. O-O c6 12. Ne4 N4d5 13. Bd2 Kh8 14. Qe1 Bf5 15. Ng3 Be6 16. Ng5 Nc7 17. Bxa5 Bxb3 18. Bxb6 {½-½ (57) Grandelius,N (2642)-Bezold,M (2502) Germany 2017}) 9. dxc5 {[%emt 0:25:16]} dxc5 {[%emt 0:00:22]} 10. Qxd8 {[%emt 0:00:06]} Rxd8 {[%emt 0:00:03]} 11. Be3 {[%emt 0:04:35]} Na6 {[%emt 0:00:09]} 12. Ng5 {[%emt 0:31:41]} Rf8 $146 {[%emt 0:00:12]} ({Predecessor:} 12... c4 13. Bxb6 axb6 14. Bxc4 Rd4 15. Bxf7+ Kf8 16. O-O {1-0 (33) Smith,A (2449)-Petersen,P (2197) Helsingor 2015}) 13. Nd5 {[%emt 0:11:46]} Nxd5 {[%emt 0:01:00]} 14. Bxd5 {[%emt 0:00:03]} h6 {[%emt 0:02:25]} 15. Nf3 {[%emt 0:00:59]} Rb8 {[%emt 0:29:50]} 16. O-O-O {[%emt 0:00:17]} b6 {[%emt 0:00:38]} 17. c3 {[%emt 0:00:23]} Nc7 {[%emt 0:00:22]} 18. Be4 {[%emt 0:07:21]} Be6 {[%emt 0:00:10]} 19. b3 {[%emt 0:01:02]} a5 $14 {[%emt 0:04:10]} 20. Kc2 {[%emt 0:03:56]} Rfc8 {[%emt 0:01:41]} 21. h3 {[%emt 0:09:50]} Rd8 {[%emt 0:02:45]} 22. c4 {[%emt 0:00:22]} b5 {[%emt 0:00:55]} 23. Rxd8+ {[%emt 0:01:40]} Rxd8 {[%emt 0:00:01]} 24. Kc3 {[%emt 0:00:30]} bxc4 {[%emt 0:04:14]} 25. bxc4 {[%emt 0:00:02]} Na6 {[%emt 0:00:05]} 26. Rb1 {[%emt 0:01:31]} f5 {[%emt 0:00:09]} 27. exf6 {[%emt 0:00:44]} exf6 {[%emt 0:02:25]} 28. Bxg6 {[%emt 0:00:14]} f5+ {[%emt 0:00:24]} 29. Ne5 {[%emt 0:00:04]} Nb4 {[%emt 0:00:24]} 30. Bxc5 {[%emt 0:01:01]} Rd3+ {[%emt 0:00:21]} 31. Kb2 {[%emt 0:00:07]} Rg3 {[%emt 0:02:45]} 32. Bxb4 {[%emt 0:00:25]} axb4 {[%emt 0:00:12]} 33. Bh5 {[%emt 0:00:47]} Rxg2+ {[%emt 0:02:00]} 34. Kb3 {[%emt 0:00:05]} Rg3+ {[%emt 0:01:49]} 35. Kxb4 {[%emt 0:01:02]} Rxh3 {[%emt 0:00:05]} 36. Bd1 {[%emt 0:00:27]} Re3 {[%emt 0:00:42]} 37. Bb3 Bxe5 {[%emt 0:05:39]} 38. fxe5 {[%emt 0:00:39]} f4 {[%emt 0:00:05]} 39. c5 {[%emt 0:00:48]} Bxb3 {[%emt 0:00:37]} 40. axb3 {[%emt 0:00:00]} Kf8 {[%emt 0:04:58]} 41. c6 {[%emt 0:03:28]} Ke8 {[%emt 0:00:11]} 42. Rd1 {[%emt 0:02:41]} Re4+ {[%emt 0:00:30]} 43. Kc5 {[%emt 0:03:09]} Rxe5+ {[%emt 0:00:06]} 44. Kd6 {[%emt 0:01:30]} Re3 {[%emt 0:00:10]} 45. c7 {[%emt 0:00:33]} Rc3 {[%emt 0:00:08]} 46. Rd4 {[%emt 0:00:24]} f3 {[%emt 0:00:16]} 47. Rc4 {[%emt 0:00:38]} 1-0

[Event "XVII MetLife Najdorf Open 2017"]
[Site "Warsaw"]
[Date "2017.07.17"]
[Round "9"]
[White "Baskin, Robert"]
[Black "Mis, Mieszko"]
[Result "1/2-1/2"]
[WhiteElo "2330"]
[BlackElo "2137"]
[Annotator "NA"]
[PlyCount "46"]
[EventDate "2017.??.??"]
[EventType "swiss"]
[EventCountry "POL"]
[SourceTitle "playchess.com"]
[Source "ChessBase"]
[SourceQuality "1"]
[TimeControl "40/5400+30:1800+30"]

1. e4 g6 2. d4 Bg7 3. Nf3 d6 4. Bc4 a6 5. a4 e6 6. Nbd2 Ne7 7. Qe2 Nd7 8. Nf1 b6 9. Ng3 Bb7 10. Bb3 c5 11. c3 Qc7 12. O-O O-O 13. h4 Nc6 14. Be3 Na5 15. Ba2 c4 16. h5 f5 17. exf5 exf5 18. Bf4 Rae8 19. Qd1 Nf6 20. Nh4 Nd5 21. Qd2 Bf6 22. Nf3 $15 Qc6 23. Bh6 Rf7 1/2-1/2

[Event "XVII MetLife Najdorf Open 2017"]
[Site "Warsaw"]
[Date "2017.07.17"]
[Round "9"]
[White "Eggink, Ryszard"]
[Black "Krstulovic, Alex"]
[Result "1/2-1/2"]
[WhiteElo "2322"]
[BlackElo "2252"]
[Annotator "NA"]
[PlyCount "56"]
[EventDate "2017.??.??"]
[EventType "swiss"]
[EventCountry "POL"]
[SourceTitle "playchess.com"]
[Source "ChessBase"]
[SourceQuality "1"]
[TimeControl "40/5400+30:1800+30"]

1. e4 {[%emt 0:04:50]} e5 {[%emt 0:00:12]} 2. Nf3 {[%emt 0:00:36]} Nc6 {[%emt 0:00:09]} 3. Bb5 {[%emt 0:00:04]} a6 {[%emt 0:00:13]} 4. Ba4 {[%emt 0:00:04]} d6 {[%emt 0:00:20]} 5. O-O {[%emt 0:00:18]} Nf6 {[%emt 0:00:58]} 6. d3 {[%emt 0:00:42]} Bd7 {[%emt 0:00:18]} 7. c3 {[%emt 0:01:14]} g6 {[%emt 0:00:56]} 8. Nbd2 {[%emt 0:01:00]} Bg7 {[%emt 0:00:26]} 9. d4 {[%emt 0:02:16]} b5 {[%emt 0:01:05] C77: Ruy Lopez: 3...a6 4 Ba4 Nf6, unusual lines} 10. Bb3 {[%emt 0:01:04]} O-O {[%emt 0:00:47]} 11. Re1 {[%emt 0:00:25]} Re8 $146 {[%emt 0:01:00]} ({Predecessor:} 11... Nh5 12. Nf1 Na5 13. Bc2 c5 14. Ne3 exd4 15. cxd4 {0-1 (60) Pisk,P (2366)-Dolezal,R (2421) Czechia 2008}) 12. h3 {[%emt 0:05:52]} Na5 {[%emt 0:01:25]} 13. Bc2 {[%emt 0:06:23]} c5 {[%emt 0:00:28]} 14. Nf1 {[%emt 0:05:46]} h6 {[%emt 0:01:57]} 15. a4 {[%emt 0:04:36]} Rc8 {[%emt 0:09:15]} 16. axb5 {[%emt 0:00:49]} axb5 {[%emt 0:00:06]} 17. dxe5 {[%emt 0:03:35]} dxe5 {[%emt 0:00:36]} 18. Be3 {[%emt 0:02:23]} Nc4 {[%emt 0:03:15]} 19. Bc1 {[%emt 0:06:41]} Qc7 {[%emt 0:02:01]} 20. b3 {[%emt 0:01:55]} Nd6 {[%emt 0:03:25]} 21. Qe2 {[%emt 0:03:04]} Bc6 {[%emt 0:03:44]} 22. Ng3 {[%emt 0:00:57]} c4 {[%emt 0:09:41]} 23. b4 {[%emt 0:05:53]} Qb7 {[%emt 0:04:54]} 24. Qe3 {[%emt 0:13:00]} Bf8 {[%emt 0:19:17]} 25. Ra7 {[%emt 0:02:39]} Qb8 {[%emt 0:00:06]} 26. Ra5 {[%emt 0:00:33]} Qb7 $11 {[%emt 0:05:18]} 27. Ra7 {[%emt 0:01:55]} Qb8 {[%emt 0:00:18]} 28. Ra5 {[%emt 0:00:08]} Qb7 {[%emt 0:00:07]} 1/2-1/2

[Event "XVII MetLife Najdorf Open 2017"]
[Site "Warsaw"]
[Date "2017.07.17"]
[Round "9"]
[White "Urazayev, Arystanbek"]
[Black "Kosakowski, Jakub"]
[Result "1-0"]
[WhiteElo "2322"]
[BlackElo "2366"]
[Annotator "NA"]
[PlyCount "51"]
[EventDate "2017.??.??"]
[EventType "swiss"]
[EventCountry "POL"]
[SourceTitle "playchess.com"]
[Source "ChessBase"]
[SourceQuality "1"]
[TimeControl "40/5400+30:1800+30"]

1. e4 {[%emt 0:00:00]} c5 {[%emt 0:00:08]} 2. Nf3 {[%emt 0:00:18]} d6 {[%emt 0:00:10]} 3. d4 {[%emt 0:01:57]} cxd4 {[%emt 0:00:09]} 4. Nxd4 {[%emt 0:00:04]} Nf6 {[%emt 0:00:08]} 5. Nc3 {[%emt 0:00:07]} a6 {[%emt 0:00:05]} 6. Be3 {[%emt 0:02:55]} e5 {[%emt 0:00:12]} 7. Nb3 {[%emt 0:03:40]} Be6 {[%emt 0:00:11]} 8. f3 {[%emt 0:00:38]} Be7 {[%emt 0:00:08]} 9. Qd2 {[%emt 0:01:13]} O-O {[%emt 0:00:12]} 10. O-O-O {[%emt 0:03:02]} Nbd7 {[%emt 0:00:09]} 11. g4 {[%emt 0:01:05]} b5 {[%emt 0:00:07]} 12. g5 {[%emt 0:01:59]} b4 {[%emt 0:00:19]} 13. Ne2 {[%emt 0:01:14]} Ne8 {[%emt 0:00:10]} 14. f4 {[%emt 0:04:27]} a5 {[%emt 0:00:23]} 15. f5 {[%emt 0:00:48] B90: Sicilian Najdorf: Unusual White 6th moves, 6 Be3 Ng4 and 6 Be3 e5} a4 {[%emt 0:00:27]} 16. fxe6 {[%emt 0:00:38]} axb3 {[%emt 0:00:08]} 17. exf7+ {[%emt 0:00:51]} Rxf7 {[%emt 0:00:07]} 18. Kb1 {[%emt 0:00:11]} bxc2+ {[%emt 0:01:08]} 19. Qxc2 {[%emt 0:00:43]} Bxg5 {[%emt 0:05:49]} 20. Bxg5 {[%emt 0:00:48]} Qxg5 {[%emt 0:00:10]} 21. Ng3 {[%emt 0:00:03]} Nb6 {[%emt 0:15:52]} (21... Kh8 22. Bc4 Rf8 {1-0 (40) Duda,J (2678)-Wojtaszek,R (2746) Germany 2017}) 22. Qb3 {[%emt 0:20:36]} d5 {[%emt 0:14:38]} 23. Qxb4 {[%emt 0:11:14]} Rb8 $146 {[%emt 0:24:36]} 24. Rxd5 {[%emt 0:18:14]} ({Resist} 24. exd5 $6 Qf4 $14) 24... Rfb7 $16 {[%emt 0:03:58]} 25. Rb5 {[%emt 0:02:24]} Kh8 {[%emt 0:02:57]} 26. Qf8# {[%emt 0:00:22]} 1-0

[Event "XVII MetLife Najdorf Open 2017"]
[Site "Warsaw"]
[Date "2017.07.17"]
[Round "9"]
[White "Hacker, Jonas"]
[Black "Lewtak, Damian"]
[Result "1-0"]
[WhiteElo "2297"]
[BlackElo "2341"]
[Annotator "NA"]
[PlyCount "57"]
[EventDate "2017.??.??"]
[EventType "swiss"]
[EventCountry "POL"]
[SourceTitle "playchess.com"]
[Source "ChessBase"]
[SourceQuality "1"]
[TimeControl "40/5400+30:1800+30"]

1. e4 {[%emt 0:00:00]} c5 {[%emt 0:00:07]} 2. Nf3 {[%emt 0:00:00]} d6 {[%emt 0:00:05]} 3. d4 {[%emt 0:00:00]} cxd4 {[%emt 0:00:05]} 4. Nxd4 {[%emt 0:00:00]} Nf6 {[%emt 0:00:03]} 5. Nc3 {[%emt 0:00:08]} Nc6 {[%emt 0:00:06]} 6. Bg5 {[%emt 0:00:08]} h6 {[%emt 0:00:30]} 7. Bxf6 {[%emt 0:02:36]} gxf6 {[%emt 0:00:04]} 8. Be2 {[%emt 0:11:07] B60: Sicilian: Richter-Rauzer: Unusual Black 6th moves and 6...Bd7 without 7 Qd2} Nxd4 $146 {[%emt 0:03:29]} ({Predecessor:} 8... h5 9. h4 a6 10. g3 Nxd4 11. Qxd4 e6 12. Na4 Qa5+ 13. c3 e5 14. Qb4 Qxb4 15. cxb4 Be6 16. Nb6 Rb8 17. O-O Bg7 18. Rfd1 {1-0 (18) Petrik,T (2508)-Cicak,S (2570) Germany 2009}) 9. Qxd4 {[%emt 0:00:04]} h5 {[%emt 0:00:28]} 10. Bb5+ {[%emt 0:06:44]} Bd7 {[%emt 0:00:12]} 11. Bxd7+ {[%emt 0:05:33]} Qxd7 {[%emt 0:00:06]} 12. O-O-O {[%emt 0:03:14]} h4 {[%emt 0:06:46]} 13. Kb1 {[%emt 0:02:02]} Bg7 {[%emt 0:00:41]} 14. Nd5 {[%emt 0:05:28]} Kf8 {[%emt 0:00:11]} 15. Qd3 {[%emt 0:01:04]} e6 {[%emt 0:02:05]} 16. Nc3 {[%emt 0:06:00]} Ke7 {[%emt 0:00:49]} 17. Nb5 {[%emt 0:07:26]} Rhd8 {[%emt 0:00:16]} 18. f4 {[%emt 0:02:25]} Qc6 {[%emt 0:03:24]} 19. Nd4 {[%emt 0:03:26]} Qc5 {[%emt 0:06:24]} 20. f5 {[%emt 0:04:27]} Rac8 {[%emt 0:15:01]} 21. Rhe1 {[%emt 0:11:47]} Qe5 {[%emt 0:10:45]} 22. fxe6 {[%emt 0:06:34]} fxe6 $1 $11 {[%emt 0:00:02]} 23. Qh3 {[%emt 0:02:39]} Rc4 {[%emt 0:02:34]} 24. Qd3 {[%emt 0:03:30]} Rc5 $18 {[%emt 0:03:03]} 25. Nf5+ {[%emt 0:02:20]} Kf7 {[%emt 0:03:30]} 26. Nxh4 {[%emt 0:02:53]} Qxh2 {[%emt 0:11:58]} 27. g3 {[%emt 0:01:14]} Rg5 {[%emt 0:00:30]} 28. Nf3 {[%emt 0:00:16]} Qxg3 {[%emt 0:00:07]} 29. Rg1 {[%emt 0:00:36]} 1-0

[Event "XVII MetLife Najdorf Open 2017"]
[Site "Warsaw"]
[Date "2017.07.17"]
[Round "9"]
[White "Rahul, Srivatshav P"]
[Black "Fieberg, Samuel"]
[Result "0-1"]
[WhiteElo "2295"]
[BlackElo "2169"]
[Annotator "NA"]
[PlyCount "120"]
[EventDate "2017.??.??"]
[EventType "swiss"]
[EventCountry "POL"]
[SourceTitle "playchess.com"]
[Source "ChessBase"]
[SourceQuality "1"]
[TimeControl "40/5400+30:1800+30"]

1. d4 {[%emt 0:00:00]} d5 {[%emt 0:00:05]} 2. Bf4 {[%emt 0:00:00]} c5 {[%emt 0:00:05]} 3. e3 {[%emt 0:00:04]} Nc6 {[%emt 0:00:05]} 4. c3 {[%emt 0:00:10]} Nf6 {[%emt 0:00:07]} 5. Nd2 {[%emt 0:00:08] D00: 1 d4 d5: Unusual lines} Bf5 {[%emt 0:00:04]} (5... e6 6. Ngf3 Bd6 7. Bg3 O-O 8. Bb5 a6 9. Bxc6 bxc6 10. Qa4 Rb8 11. Qa3 Bxg3 12. hxg3 cxd4 13. cxd4 a5 14. O-O Qb6 15. b3 Ba6 {1-0 (24) Carlsen,M (2840)-Anand,V (2779) Doha 2016}) 6. Qb3 {[%emt 0:00:12]} Qd7 {[%emt 0:00:06]} 7. Ngf3 {[%emt 0:00:31]} c4 {[%emt 0:00:11]} 8. Qd1 {[%emt 0:04:00]} e6 {[%emt 0:03:04]} 9. Be2 {[%emt 0:03:10]} Be7 {[%emt 0:00:32]} 10. Nh4 {[%emt 0:02:00]} O-O {[%emt 0:04:56]} 11. Nxf5 {[%emt 0:02:06]} exf5 {[%emt 0:00:04]} 12. b3 $146 {[%emt 0:05:30]} ({Predecessor:} 12. O-O Bd6 {1-0 (41) Karlik,V (2268)-Kopal,J (2253) Liberec 2011}) 12... b5 {[%emt 0:00:44]} 13. bxc4 {[%emt 0:02:38]} bxc4 {[%emt 0:00:36]} 14. Qc2 {[%emt 0:00:22]} Ne8 {[%emt 0:08:21]} 15. Bf3 {[%emt 0:05:34]} Nf6 {[%emt 0:03:43]} 16. O-O {[%emt 0:01:12]} Ne4 {[%emt 0:00:18]} 17. Rab1 {[%emt 0:05:38]} Bd6 {[%emt 0:00:33]} 18. Bxd6 {[%emt 0:01:00]} Qxd6 {[%emt 0:00:06]} 19. g3 {[%emt 0:02:24]} Qa3 {[%emt 0:01:51]} 20. Rfc1 {[%emt 0:05:37]} Rfb8 {[%emt 0:02:44]} 21. Bg2 {[%emt 0:00:49]} Rb6 {[%emt 0:03:30]} 22. f3 {[%emt 0:06:20]} Nd6 {[%emt 0:17:03]} 23. e4 {[%emt 0:04:57]} Ne7 {[%emt 0:02:30]} 24. Re1 {[%emt 0:08:19]} Rab8 {[%emt 0:03:01]} 25. exf5 {[%emt 0:00:52]} Nexf5 {[%emt 0:02:32]} (25... Ndxf5 $11 26. Rxb6 Rxb6) 26. f4 {[%emt 0:03:21]} g6 {[%emt 0:06:09]} 27. Bxd5 {[%emt 0:01:38]} Rb2 {[%emt 0:00:11]} 28. Qc1 {[%emt 0:01:30]} Rxb1 {[%emt 0:02:53]} 29. Qxa3 {[%emt 0:00:32]} Rxe1+ {[%emt 0:00:05]} 30. Kf2 {[%emt 0:00:22]} Rbe8 $17 {[%emt 0:00:13]} 31. Nxc4 {[%emt 0:07:00]} R1e2+ {[%emt 0:03:10]} 32. Kf3 {[%emt 0:00:18]} Nxc4 {[%emt 0:00:13]} 33. Qxa7 {[%emt 0:01:07]} Nh6 {[%emt 0:01:42]} 34. f5 {[%emt 0:01:08]} g5 {[%emt 0:00:22]} 35. Be6 {[%emt 0:01:00]} Re3+ {[%emt 0:02:07]} 36. Kg2 {[%emt 0:00:24]} fxe6 {[%emt 0:00:15]} 37. Qc5 {[%emt 0:02:12]} Nd2 {[%emt 0:01:04]} 38. fxe6 {[%emt 0:02:30]} Re2+ {[%emt 0:03:54]} 39. Kg1 {[%emt 0:00:18]} Nf3+ {[%emt 0:00:47]} 40. Kf1 {[%emt 0:00:00]} R8xe6 {[%emt 0:00:27]} 41. Qc8+ {[%emt 0:01:44]} Kg7 {[%emt 0:00:10]} 42. Qb7+ {[%emt 0:00:14]} Kg6 {[%emt 0:02:47]} 43. Qxf3 {[%emt 0:00:15]} R2e3 {[%emt 0:00:27]} 44. Qd1 {[%emt 0:02:10]} Rf6+ {[%emt 0:03:25]} 45. Kg1 {[%emt 0:00:30]} Rxc3 {[%emt 0:04:17]} 46. Qb1+ {[%emt 0:00:22]} Kg7 {[%emt 0:00:19]} 47. d5 {[%emt 0:01:28]} Nf7 {[%emt 0:01:34]} 48. a4 {[%emt 0:01:45]} Rc7 {[%emt 0:00:57]} 49. Qb2 {[%emt 0:01:12]} Rd7 {[%emt 0:00:26]} 50. Qd4 {[%emt 0:00:18]} Nh6 {[%emt 0:03:19]} 51. Qe5 {[%emt 0:01:11]} Nf7 {[%emt 0:00:36]} 52. Qd4 {[%emt 0:00:01]} h5 {[%emt 0:02:45]} 53. h3 {[%emt 0:02:28]} Kg6 {[%emt 0:00:29]} 54. h4 {[%emt 0:03:22]} g4 {[%emt 0:03:31]} 55. a5 {[%emt 0:03:12]} Rdd6 {[%emt 0:03:08]} 56. Qd3+ {[%emt 0:01:53]} Rf5 {[%emt 0:05:41]} 57. a6 {[%emt 0:01:14]} Rdxd5 {[%emt 0:00:12]} 58. Qe3 {[%emt 0:00:10]} Rd1+ {[%emt 0:03:46]} 59. Kg2 {[%emt 0:00:08]} Rfd5 {[%emt 0:00:29]} 60. Qb6+ {[%emt 0:01:59]} Rd6 {[%emt 0:00:16]} 0-1